00883nam a22002657a 450000500170000001000130001702000220003003500130005203700160006504000120008108200160009310000230010924500610013225000170019326000360021027000430024630000280028950000510031765000200036865000310038870000260041994200250044599900190047095201280048920170124110227.0 aA-710415 c00.00a0861314646 aA-710415 bCen Lib/Ret aDPLbEN a954.01bSIN aSinha, N.K.937024 aA history of India /cby N. K. Sinha [and] Nisith R. Ray a2nd rev. ed. aNew DelhibOrient Longmanc1986 a1/24, Asaf Ali RoadbNew Delhie110002 a630p. :c21cm(Hb)bill. aIncludes bibliographical references and index  aHistory9105513 aAncient -- History9105514 aRay, Nisith R.940909 2ddccENh954.01mSIN c134502d134502 001040718REFaLbLd2015-07-30eCen Lib/Retg0.00l0o954.01 SINpA-710415r2015-07-30 00:00:00t1v0.00w2015-07-30yEN